[Event "Titled Tuesday intern op 14th Mar Late"]
[Site "Chess.com INT"]
[Date "2023.03.14"]
[Round "4"]
[White "Bastos Seixas, Pedro Lucas"]
[Black "Sokolin, Leonid M"]
[Result "1-0"]
[WhiteElo "2072"]
[BlackElo "2454"]
[PlyCount "97"]
[EventDate "2023.03.14"]
[EventType "swiss (blitz)"]
[EventRounds "11"]
[EventCountry "USA"]
[SourceTitle "EXT 2024"]
[Source "ChessBase"]
[SourceDate "2023.10.10"]
[SourceVersion "1"]
[SourceVersionDate "2023.10.10"]
[SourceQuality "1"]

1. d4 Nf6 2. Nf3 e6 3. Bg5 h6 4. Bh4 c5 5. e3 Qb6 6. Qc1 Nc6 7. c3 Ne4 8. Bd3 d5 9. Nbd2 f5 10. 0-0 Bd6 11. dxc5 Nxc5 12. Bc2 0-0 13. Nb3 Ne4 14. Bg3 Nxg3 15. hxg3 e5 16. Rd1 Ne7 17. Qd2 Rd8 18. Nh4 Be6 19. Rac1 a5 20. a4 d4 21. Na1 dxe3 22. Qxe3 Qxe3 23. fxe3 Bc5 24. Kf2 f4 25. gxf4 exf4 26. Rxd8+ Rxd8 27. Rd1 Bxe3+ 28. Ke2 Bc4+ 29. Bd3 Be6 30. Bh7+ Kxh7 31. Rxd8 Bc4+ 32. Ke1 Nc6 33. Rc8 Ne5 34. b3 Bd5 35. c4 Bc6 36. Nc2 Bc5 37. Ke2 Be4 38. Ne1 b6 39. Re8 Bd4 40. Nhf3 Nxf3 41. Nxf3 Bxf3+ 42. Kxf3 g5 43. Re6 Kg7 44. Ke4 Bc5 45. Kd5 h5 46. Ke5 Kf7 47. Rc6 Be3 48. Kf5 h4 49. Kg4 1-0

[Event "Titled Tuesday intern op 14th Mar Late"]
[Site "Chess.com INT"]
[Date "2023.03.14"]
[Round "9"]
[White "Piesik, Piotr"]
[Black "Sokolin, Leonid M"]
[Result "1-0"]
[WhiteElo "2437"]
[BlackElo "2454"]
[PlyCount "93"]
[EventDate "2023.03.14"]
[EventType "swiss (blitz)"]
[EventRounds "11"]
[EventCountry "USA"]
[SourceTitle "EXT 2024"]
[Source "ChessBase"]
[SourceDate "2023.10.10"]
[SourceVersion "1"]
[SourceVersionDate "2023.10.10"]
[SourceQuality "1"]

1. Nf3 Nf6 2. g3 e6 3. Bg2 d5 4. 0-0 Be7 5. d3 c5 6. Nbd2 Nc6 7. e4 0-0 8. Re1 Qc7 9. c3 Rd8 10. e5 Nd7 11. Qe2 b5 12. h4 b4 13. c4 dxc4 14. dxc4 Bb7 15. h5 h6 16. b3 a5 17. Bb2 a4 18. Nf1 a3 19. Bc1 Nd4 20. Nxd4 cxd4 21. Bxb7 Qxb7 22. Bf4 Nc5 23. Rad1 Rd7 24. Qg4 Kh7 25. Nd2 Nd3 26. Re4 Nb2 27. Rb1 d3 28. Qf3 Rad8 29. Be3 f5 30. exf6 Bxf6 31. Kg2 e5 32. Re1 Rf8 33. Qg4 Kh8 34. Kg1 Rdf7 35. Qg6 Qd7 36. Rg4 Be7 37. Ne4 Qf5 38. Bd2 Qxg6 39. hxg6 Rf5 40. Bxh6 Rd8 41. Bd2 Rd4 42. Kg2 Kg8 43. Be3 Rd7 44. Rh1 Rc7 45. Nd2 Rd7 46. Re4 Bf6 47. g4 1-0

[Event "Titled Tuesday intern op 14th Mar Late"]
[Site "Chess.com INT"]
[Date "2023.03.14"]
[Round "11"]
[White "Pino Perez, Lazaro"]
[Black "Sokolin, Leonid M"]
[Result "1-0"]
[WhiteElo "2142"]
[BlackElo "2454"]
[PlyCount "85"]
[EventDate "2023.03.14"]
[EventType "swiss (blitz)"]
[EventRounds "11"]
[EventCountry "USA"]
[SourceTitle "EXT 2024"]
[Source "ChessBase"]
[SourceDate "2023.10.10"]
[SourceVersion "1"]
[SourceVersionDate "2023.10.10"]
[SourceQuality "1"]

1. d4 Nf6 2. Bf4 e6 3. e3 c5 4. Nf3 d5 5. c3 Nc6 6. Nbd2 cxd4 7. exd4 Nh5 8. Be3 Bd6 9. Ne5 g6 10. g3 f6 11. Nd3 0-0 12. Bg2 b6 13. 0-0 Ng7 14. Re1 Ba6 15. Nf3 Re8 16. Bf4 Bxd3 17. Bxd6 Be4 18. Bf4 g5 19. Be3 Nf5 20. Nd2 Bxg2 21. Kxg2 Qd7 22. Nf3 Qf7 23. h4 g4 24. Nh2 h5 25. Nf1 e5 26. Qa4 Rac8 27. Red1 exd4 28. cxd4 Na5 29. b3 Qe6 30. Kh2 Rc2 31. Rac1 Nxe3 32. Rxc2 Nxd1 33. Qb5 Qe4 34. Rd2 Nc3 35. Qd7 Qe6 36. Qxa7 Ne4 37. Re2 Qc6 38. Ne3 Nc3 39. Rc2 Nb5 40. Qa6 Nc7 41. Qd3 Qe6 42. Qg6+ Kf8 43. Rxc7 1-0

[Event "Titled Tuesday intern op 14th Mar Late"]
[Site "Chess.com INT"]
[Date "2023.03.14"]
[Round "8"]
[White "Sokolin, Leonid M"]
[Black "Sreyas, Payyappat"]
[Result "1-0"]
[WhiteElo "2454"]
[BlackElo "2107"]
[PlyCount "41"]
[EventDate "2023.03.14"]
[EventType "swiss (blitz)"]
[EventRounds "11"]
[EventCountry "USA"]
[SourceTitle "EXT 2024"]
[Source "ChessBase"]
[SourceDate "2023.10.10"]
[SourceVersion "1"]
[SourceVersionDate "2023.10.10"]
[SourceQuality "1"]

1. e4 c6 2. d4 d5 3. e5 Bf5 4. g4 Bd7 5. Nc3 c5 6. dxc5 Bc6 7. Bg2 e6 8. b4 Na6 9. b5 Bxb5 10. Nxb5 Qa5+ 11. Bd2 Qxb5 12. Rb1 Qc6 13. c4 Ne7 14. Ne2 g6 15. Bg5 0-0-0 16. cxd5 exd5 17. 0-0 Rd7 18. Nd4 Qc7 19. Bf6 Rg8 20. Nb5 Qc6 21. Nxa7+ 1-0

[Event "Titled Tuesday intern op 7th Mar Late"]
[Site "Chess.com INT"]
[Date "2023.03.07"]
[Round "8"]
[White "Golubka, Petr"]
[Black "Sokolin, Leonid M"]
[Result "1-0"]
[WhiteElo "2360"]
[BlackElo "2454"]
[PlyCount "105"]
[EventDate "2023.03.07"]
[EventType "swiss (blitz)"]
[EventRounds "11"]
[EventCountry "USA"]
[SourceTitle "EXT 2024"]
[Source "ChessBase"]
[SourceDate "2023.10.10"]
[SourceVersion "1"]
[SourceVersionDate "2023.10.10"]
[SourceQuality "1"]

1. e4 c5 2. b3 a6 3. Bb2 Nc6 4. f4 Nf6 5. e5 Nd5 6. Qf3 e6 7. Bd3 b5 8. Be4 Bb7 9. Ne2 f5 10. Bxd5 exd5 11. d4 Qb6 12. Nbc3 Nxd4 13. Nxd4 cxd4 14. Ne2 Bb4+ 15. Kf1 0-0 16. Bxd4 Qc6 17. c3 Be7 18. h4 a5 19. Rc1 a4 20. b4 Qc4 21. Rc2 Bxb4 22. h5 h6 23. g4 Be7 24. Rg1 fxg4 25. Qxg4 Bg5 26. Ke1 Qd3 27. Rd2 Qb1+ 28. Rd1 Qf5 29. fxg5 hxg5 30. Qxg5 Qxg5 31. Rxg5 Rf7 32. h6 Ra6 33. Rxg7+ Rxg7 34. hxg7 Rh6 35. Kd2 Kxg7 36. e6+ Kf8 37. Bc5+ Ke8 38. exd7+ Kxd7 39. Rg1 Bc8 40. Rg2 Kc6 41. Be3 Rh3 42. Nd4+ Kc5 43. Rg7 Kd6 44. Nxb5+ Ke5 45. Rg5+ Kf6 46. Rg2 Bf5 47. Rf2 Kg6 48. a3 Be4 49. Nd6 Rh1 50. Nxe4 dxe4 51. Bc5 Rh3 52. Kc2 Rh4 53. Bd4 1-0

[Event "Titled Tuesday intern op 7th Mar Late"]
[Site "Chess.com INT"]
[Date "2023.03.07"]
[Round "3"]
[White "Sokolin, Leonid M"]
[Black "Caruana, Fabiano"]
[Result "0-1"]
[WhiteElo "2454"]
[BlackElo "2766"]
[PlyCount "112"]
[EventDate "2023.03.07"]
[EventType "swiss (blitz)"]
[EventRounds "11"]
[EventCountry "USA"]
[SourceTitle "EXT 2024"]
[Source "ChessBase"]
[SourceDate "2023.10.10"]
[SourceVersion "1"]
[SourceVersionDate "2023.10.10"]
[SourceQuality "1"]

1. e4 e5 2. Nf3 Nc6 3. Nc3 Nf6 4. Bb5 Bd6 5. d3 0-0 6. a3 h6 7. g4 Nd4 8. g5 hxg5 9. Bxg5 Nxb5 10. Nxb5 Be7 11. Nxe5 d5 12. Rg1 c6 13. Bh6 g6 14. Nc3 d4 15. Bxf8 Bxf8 16. Nxg6 fxg6 17. Ne2 Bg4 18. Qd2 Kh7 19. h3 Bh6 20. f4 Bxe2 21. Kxe2 Nh5 22. Raf1 Qh4 23. Rf3 Nxf4+ 24. Kf1 Rf8 25. Rg4 Qf6 26. Qf2 Kg7 27. Qh4 Qxh4 28. Rxh4 c5 29. Kf2 b5 30. Kg3 Ne2+ 31. Kf2 Nf4 32. Kg3 Nh5+ 33. Kf2 Be3+ 34. Ke2 Nf4+ 35. Kf1 a5 36. b3 a4 37. bxa4 bxa4 38. Rg4 Bc1 39. h4 Ne6 40. Rxf8 Nxf8 41. Rg5 Bxa3 42. Rd5 Bb4 43. Rd6 a3 44. Ra6 Nd7 45. Ra7 Kh6 46. Rxd7 Kh5 47. Ra7 Kxh4 48. Kf2 Kg4 49. Kg2 g5 50. Ra6 Kf4 51. Kf2 g4 52. Rf6+ Kg5 53. Ra6 c4 54. dxc4 Kf4 55. Re6 Bc5 56. Ke2 g3 0-1

[Event "Titled Tuesday intern op 28th Feb Late"]
[Site "Chess.com INT"]
[Date "2023.02.28"]
[Round "5"]
[White "Marin, Sebastian"]
[Black "Sokolin, Leonid M"]
[Result "0-1"]
[WhiteElo "2269"]
[BlackElo "2454"]
[PlyCount "52"]
[EventDate "2023.02.28"]
[EventType "swiss (blitz)"]
[EventRounds "11"]
[EventCountry "USA"]
[SourceTitle "CBM 213 Extra"]
[Source "ChessBase"]
[SourceDate "2023.05.31"]
[SourceVersion "1"]
[SourceVersionDate "2023.05.31"]
[SourceQuality "1"]

1. e4 c5 2. Nf3 Nc6 3. d4 cxd4 4. Nxd4 e5 5. Nb5 d6 6. N1c3 a6 7. Na3 Be6 8. Nc4 Rb8 9. a4 Nb4 10. a5 Nf6 11. Bg5 Qc7 12. Bxf6 Bxc4 13. Bxc4 Qxc4 14. Bg5 Rc8 15. Qd2 h6 16. Be3 Be7 17. f3 0-0 18. Kf2 Rfd8 19. Rhd1 f5 20. Kg1 fxe4 21. fxe4 Kh7 22. Ra4 d5 23. exd5 Bc5 24. Kh1 Rf8 25. Bxc5 Rxc5 26. Na2 Rf1+ 0-1

[Event "Titled Tuesday intern op 28th Feb Late"]
[Site "Chess.com INT"]
[Date "2023.02.28"]
[Round "4"]
[White "Sokolin, Leonid M"]
[Black "Chemin, Justo Reinaldo"]
[Result "0-1"]
[WhiteElo "2454"]
[BlackElo "2040"]
[PlyCount "84"]
[EventDate "2023.02.28"]
[EventType "swiss (blitz)"]
[EventRounds "11"]
[EventCountry "USA"]
[SourceTitle "CBM 213 Extra"]
[Source "ChessBase"]
[SourceDate "2023.05.31"]
[SourceVersion "1"]
[SourceVersionDate "2023.05.31"]
[SourceQuality "1"]

1. e4 e6 2. d4 d5 3. Nc3 Nf6 4. e5 Nfd7 5. f4 c5 6. Nf3 Nc6 7. Be3 cxd4 8. Nxd4 a6 9. Qd2 Bb4 10. a3 Ba5 11. Nb3 Bb6 12. 0-0-0 Bxe3 13. Qxe3 Qb6 14. Qg3 0-0 15. h4 f6 16. exf6 Rxf6 17. Bd3 Nc5 18. Nxc5 Qxc5 19. h5 h6 20. Rh4 Bd7 21. Rg4 Qe7 22. Re1 Qf8 23. Rg6 Ne7 24. Rxf6 Qxf6 25. Qh2 Rf8 26. g3 Nc6 27. Qf2 Be8 28. Qb6 Bxh5 29. Qxb7 Nd4 30. Qxa6 Bg4 31. Qd6 Nf3 32. Re2 h5 33. Nb5 h4 34. gxh4 Qxh4 35. b3 Qf6 36. Kb1 Nh4 37. Rh2 Nf3 38. Bh7+ Kf7 39. Qc7+ Qe7 40. Bg6+ Kf6 41. Qxe7+ Kxe7 42. Rg2 Rxf4 0-1

[Event "Titled Tuesday intern op 28th Feb Late"]
[Site "Chess.com INT"]
[Date "2023.02.28"]
[Round "7"]
[White "Sokolin, Leonid M"]
[Black "Gascon del Nogal, Jose Rafael"]
[Result "0-1"]
[WhiteElo "2454"]
[BlackElo "2460"]
[PlyCount "58"]
[EventDate "2023.02.28"]
[EventType "swiss (blitz)"]
[EventRounds "11"]
[EventCountry "USA"]
[SourceTitle "CBM 213 Extra"]
[Source "ChessBase"]
[SourceDate "2023.05.31"]
[SourceVersion "1"]
[SourceVersionDate "2023.05.31"]
[SourceQuality "1"]

1. e4 c5 2. Nf3 d6 3. d4 cxd4 4. Qxd4 Nc6 5. Qe3 g6 6. Be2 Bg7 7. 0-0 Nf6 8. h3 0-0 9. c4 Qb6 10. Nc3 Be6 11. Qxb6 axb6 12. Be3 Nd7 13. Ng5 Bd4 14. Nxe6 fxe6 15. Bg4 Kf7 16. Bxd4 Nxd4 17. Rfd1 Nc2 18. Rac1 Nb4 19. a3 Nc6 20. Nb5 h5 21. Be2 Nc5 22. b4 Nxe4 23. g4 h4 24. f3 Ng3 25. Bd3 Ne5 26. Kg2 Rac8 27. Rc3 Nxd3 28. Rdxd3 Ne2 29. Rc2 Nf4+ 0-1

[Event "Foxwoods op 14th"]
[Site "Ledyard"]
[Date "2022.04.17"]
[Round "9"]
[White "Marek, Matyas"]
[Black "Sokolin, Leonid M"]
[Result "1/2-1/2"]
[WhiteElo "2366"]
[BlackElo "2482"]
[PlyCount "81"]
[EventDate "2022.04.13"]
[EventType "swiss"]
[EventRounds "9"]
[EventCountry "USA"]
[SourceTitle "CBM 207 Extra"]
[Source "ChessBase"]
[SourceDate "2022.05.31"]
[SourceVersion "1"]
[SourceVersionDate "2022.05.31"]
[SourceQuality "1"]

1. e4 c5 2. Nf3 Nc6 3. d4 cxd4 4. Nxd4 e5 5. Nb5 d6 6. N1c3 a6 7. Na3 Be6 8. Nc4 Rb8 9. Nd5 Bxd5 10. exd5 Nce7 11. a4 Nf6 12. g4 h6 13. h4 Ng6 14. a5 Be7 15. Ne3 Nd7 16. h5 Nf4 17. Nf5 0-0 18. Bxf4 exf4 19. Bd3 Bf6 20. c3 Re8+ 21. Kf1 Ne5 22. Ra4 b6 23. Rxf4 bxa5 24. b4 axb4 25. cxb4 a5 26. b5 Rc8 27. Kg2 Rc5 28. Be2 Qa8 29. Bf3 Nxf3 30. Qxf3 Be5 31. Re4 Qxd5 32. Rd1 Qa8 33. b6 Rc3 34. Re3 Qxf3+ 35. Kxf3 Rxe3+ 36. Nxe3 Rb8 37. Nc4 a4 38. Nxe5 dxe5 39. Ra1 Rxb6 40. Rxa4 f6 41. Ra8+ 1/2-1/2

[Event "Foxwoods op 14th"]
[Site "Ledyard"]
[Date "2022.04.17"]
[Round "8"]
[White "Sokolin, Leonid M"]
[Black "Williams, Justus D"]
[Result "1-0"]
[WhiteElo "2482"]
[BlackElo "2428"]
[PlyCount "85"]
[EventDate "2022.04.13"]
[EventType "swiss"]
[EventRounds "9"]
[EventCountry "USA"]
[SourceTitle "CBM 207 Extra"]
[Source "ChessBase"]
[SourceDate "2022.05.31"]
[SourceVersion "1"]
[SourceVersionDate "2022.05.31"]
[SourceQuality "1"]

1. e4 e5 2. Nf3 Nc6 3. Nc3 d6 4. Bb5 Nge7 5. d4 Bd7 6. d5 Nb8 7. Be2 g6 8. h4 h5 9. Ng5 Qc8 10. f4 f6 11. fxe5 fxg5 12. Bxg5 dxe5 13. Bf6 Rh7 14. Bxe5 Rf7 15. Qd3 Bh6 16. Rf1 Bg4 17. Rxf7 Kxf7 18. Qc4 Nd7 19. Bxc7 Bxe2 20. Nxe2 Nb6 21. Qc3 Kg8 22. Qg3 Kh7 23. Rd1 Qd7 24. Qd6 Rc8 25. Qxd7 Nxd7 26. Bd6 Ng8 27. e5 Nb6 28. Bb4 Nc4 29. Bc3 Ne3 30. Rd3 Rf8 31. Rxe3 Bxe3 32. d6 Re8 33. d7 Rd8 34. e6 g5 35. Ba5 b6 36. Bb4 Bc5 37. Bxc5 bxc5 38. Nc3 Ne7 39. Ne4 Kg6 40. hxg5 Nc6 41. Nxc5 Rg8 42. b4 Rg7 43. Nb7 1-0

[Event "Foxwoods op 14th"]
[Site "Ledyard"]
[Date "2022.04.14"]
[Round "3"]
[White "Sokolin, Leonid M"]
[Black "Luo, Terry"]
[Result "1/2-1/2"]
[WhiteElo "2482"]
[BlackElo "2092"]
[PlyCount "106"]
[EventDate "2022.04.13"]
[EventType "swiss"]
[EventRounds "9"]
[EventCountry "USA"]
[SourceTitle "CBM 207 Extra"]
[Source "ChessBase"]
[SourceDate "2022.05.31"]
[SourceVersion "1"]
[SourceVersionDate "2022.05.31"]
[SourceQuality "1"]

1. e4 c5 2. Nf3 d6 3. Bb5+ Bd7 4. Bxd7+ Nxd7 5. 0-0 Ngf6 6. Qe2 e6 7. c3 Be7 8. d4 0-0 9. Rd1 cxd4 10. cxd4 Rc8 11. Nc3 Nb6 12. d5 exd5 13. exd5 Re8 14. Be3 Nfd7 15. Qb5 Bf6 16. Rac1 Nc5 17. b3 a6 18. Qb4 Nbd7 19. Ne2 Ne5 20. Nxe5 Bxe5 21. h3 Qd7 22. Nd4 Bf6 23. Nf3 Ne4 24. Rxc8 Qxc8 25. Rc1 Qf5 26. Qxb7 Nc3 27. Qxa6 Qxd5 28. Re1 h6 29. Kh2 Ra8 30. Qb6 Rxa2 31. b4 Rb2 32. Ra1 Na2 33. Qb8+ Kh7 34. Qa7 Nxb4 35. Ra5 Qe6 36. Qa8 Nd3 37. Qa7 Nb4 38. Qa8 Ra2 39. Rxa2 Nxa2 40. Nd4 Qe5+ 41. g3 Nc3 42. Qb7 Qd5 43. Qb4 Ne4 44. Ne2 Ng5 45. h4 Nf3+ 46. Kh3 Ne5 47. Qb1+ Qd3 48. Qxd3+ Nxd3 49. Kg4 g6 50. Kf3 d5 51. Ba7 Kg7 52. Ke3 Nb4 53. Bc5 Nc6 1/2-1/2

[Event "Titled Tuesday intern op 11th Jan"]
[Site "Chess.com INT"]
[Date "2022.01.11"]
[Round "8"]
[White "Sokolin, Leonid M"]
[Black "Matveeva, Olga"]
[Result "1-0"]
[WhiteElo "2482"]
[BlackElo "2171"]
[PlyCount "61"]
[EventDate "2022.01.11"]
[EventType "swiss (blitz)"]
[EventRounds "11"]
[EventCountry "USA"]
[SourceTitle "CBM 206 Extra"]
[Source "ChessBase"]
[SourceDate "2022.03.31"]
[SourceVersion "1"]
[SourceVersionDate "2022.03.31"]
[SourceQuality "1"]

1. e4 e6 2. d4 d5 3. Nc3 Nf6 4. e5 Nfd7 5. f4 c5 6. Nf3 Nc6 7. Be3 cxd4 8. Nxd4 Bc5 9. Qd2 0-0 10. 0-0-0 a6 11. Be2 Bxd4 12. Bxd4 b5 13. Bf2 b4 14. Na4 a5 15. Nc5 a4 16. Bb5 Qc7 17. Bxc6 Qxc6 18. Qxb4 Rb8 19. Qxa4 Qb6 20. Nd3 Qc7 21. a3 Bb7 22. Rd2 Rfc8 23. g4 d4 24. Rg1 Be4 25. Qxd4 Bxd3 26. Qxd3 Nc5 27. Qc4 Qb6 28. Bxc5 Qxb2+ 29. Kd1 Rb5 30. Ke2 h6 31. c3 1-0

[Event "Titled Tuesday intern op 04th Jan"]
[Site "Chess.com INT"]
[Date "2022.01.04"]
[Round "9"]
[White "Sokolin, Leonid M"]
[Black "Grinev, Valeriy"]
[Result "1-0"]
[WhiteElo "2482"]
[BlackElo "2425"]
[PlyCount "57"]
[EventDate "2022.01.04"]
[EventType "swiss (blitz)"]
[EventRounds "11"]
[EventCountry "USA"]
[SourceTitle "EXT 2023"]
[Source "ChessBase"]
[SourceDate "2022.10.05"]
[SourceVersion "1"]
[SourceVersionDate "2022.10.05"]
[SourceQuality "1"]

1. e4 Nf6 2. Nc3 e5 3. Nf3 Nc6 4. Bb5 d6 5. d4 Bd7 6. 0-0 Be7 7. Re1 exd4 8. Nxd4 0-0 9. Bxc6 bxc6 10. b3 c5 11. Nde2 Bc6 12. Ng3 Nd7 13. Bb2 Bf6 14. Qd2 Re8 15. Nd1 Rb8 16. h3 c4 17. Bxf6 Qxf6 18. Ne3 cxb3 19. axb3 Nc5 20. Rxa7 Rb7 21. Rxb7 Bxb7 22. Nd5 Qd8 23. b4 Nd7 24. c4 Ne5 25. Qc3 Bxd5 26. cxd5 Qb8 27. f4 Nd7 28. Nh5 g6 29. Qg7# 1-0

[Event "Titled Tuesday intern op 04th Jan"]
[Site "Chess.com INT"]
[Date "2022.01.04"]
[Round "11"]
[White "Sokolin, Leonid M"]
[Black "Ovchinnikov, Vsevolod"]
[Result "0-1"]
[WhiteElo "2482"]
[BlackElo "2426"]
[PlyCount "118"]
[EventDate "2022.01.04"]
[EventType "swiss (blitz)"]
[EventRounds "11"]
[EventCountry "USA"]
[SourceTitle "EXT 2023"]
[Source "ChessBase"]
[SourceDate "2022.10.05"]
[SourceVersion "1"]
[SourceVersionDate "2022.10.05"]
[SourceQuality "1"]

1. e4 g6 2. d4 Bg7 3. Nc3 a6 4. Bc4 b5 5. Bb3 e6 6. a4 b4 7. Nce2 Bb7 8. f3 d6 9. Nh3 Nd7 10. c3 bxc3 11. bxc3 Ngf6 12. Rb1 Rb8 13. 0-0 0-0 14. Bg5 Qe7 15. Qd2 c5 16. Nf2 Rfc8 17. Ng4 cxd4 18. cxd4 Qf8 19. Nh6+ Kh8 20. h4 Ng8 21. Nxg8 Kxg8 22. h5 Rc7 23. hxg6 hxg6 24. Kf2 Bc8 25. Rh1 Rcb7 26. Bc2 Rxb1 27. Bxb1 Nb6 28. Qf4 Bd7 29. Qh4 f6 30. Bc1 Kf7 31. Ba2 Qh8 32. Qxh8 Rxh8 33. a5 Rxh1 34. axb6 Rh8 35. d5 e5 36. Be3 Rb8 37. Bc4 Bc8 38. Nc3 Bf8 39. Na2 Be7 40. Nb4 Bb7 41. Nc6 Ra8 42. f4 a5 43. Na7 a4 44. Ke2 a3 45. Kd2 exf4 46. Bxf4 Bd8 47. Be3 Ke7 48. Kc3 Kd7 49. Kb3 a2 50. Kxa2 f5 51. exf5 gxf5 52. Kb3 f4 53. Bd4 Bh4 54. Be2 Rg8 55. Bf3 Ke7 56. Nc6+ Kd7 57. Na5 Ba6 58. Kb4 Be1+ 59. Kb3 Bxa5 0-1

[Event "Titled Tuesday intern op 04th Jan"]
[Site "Chess.com INT"]
[Date "2022.01.04"]
[Round "6"]
[White "Sokolin, Leonid M"]
[Black "Preotu, Razvan"]
[Result "1-0"]
[WhiteElo "2482"]
[BlackElo "2473"]
[PlyCount "71"]
[EventDate "2022.01.04"]
[EventType "swiss (blitz)"]
[EventRounds "11"]
[EventCountry "USA"]
[SourceTitle "EXT 2023"]
[Source "ChessBase"]
[SourceDate "2022.10.05"]
[SourceVersion "1"]
[SourceVersionDate "2022.10.05"]
[SourceQuality "1"]

1. e4 c5 2. Nf3 d6 3. Bb5+ Nd7 4. a4 Ngf6 5. Nc3 a6 6. Be2 b6 7. d4 cxd4 8. Qxd4 Bb7 9. 0-0 e5 10. Qe3 Be7 11. Rd1 0-0 12. Nd2 Qc7 13. Nc4 Rad8 14. b3 Nc5 15. Bf3 Ne6 16. Qxb6 Qxb6 17. Nxb6 Nd4 18. Ra2 Rb8 19. a5 Bd8 20. Be3 Bxb6 21. axb6 Rfc8 22. Bxd4 exd4 23. Na4 Bxe4 24. Bxe4 Nxe4 25. Rxd4 Nc3 26. Nxc3 Rxc3 27. Rxd6 h5 28. Kf1 h4 29. Ke2 h3 30. g3 a5 31. Rxa5 Rxc2+ 32. Kf3 Rb2 33. Rb5 g6 34. b7 Ra2 35. Rc6 Kg7 36. Rc8 1-0

[Event "Titled Tuesday intern op 04th Jan"]
[Site "Chess.com INT"]
[Date "2022.01.04"]
[Round "2"]
[White "Wagner, Dennis"]
[Black "Sokolin, Leonid M"]
[Result "1/2-1/2"]
[WhiteElo "2584"]
[BlackElo "2482"]
[PlyCount "93"]
[EventDate "2022.01.04"]
[EventType "swiss (blitz)"]
[EventRounds "11"]
[EventCountry "USA"]
[SourceTitle "EXT 2023"]
[Source "ChessBase"]
[SourceDate "2022.10.05"]
[SourceVersion "1"]
[SourceVersionDate "2022.10.05"]
[SourceQuality "1"]

1. d4 Nf6 2. Nf3 e6 3. c4 d5 4. Nc3 c5 5. cxd5 cxd4 6. Qxd4 exd5 7. e4 Nc6 8. Bb5 dxe4 9. Qxd8+ Kxd8 10. Ng5 Be6 11. Nxe6+ fxe6 12. Bxc6 bxc6 13. Bd2 Bc5 14. 0-0-0 Ke7 15. Rhf1 Rhd8 16. Rde1 Bd4 17. b3 Bxc3 18. Bxc3 Rd3 19. Bxf6+ gxf6 20. Rxe4 Rad8 21. Rh4 Rh8 22. Rd1 Rxd1+ 23. Kxd1 e5 24. Ke2 Ke6 25. Ra4 Ra8 26. Ra5 a6 27. g4 Kd6 28. Kd3 Kc7 29. b4 Rd8+ 30. Kc3 Kb6 31. f4 exf4 32. Rf5 Rd6 33. Rxf4 c5 34. bxc5+ Kxc5 35. Rf5+ Kc6 36. Ra5 Kb6 37. Rh5 Rd7 38. a4 Rg7 39. a5+ Kc6 40. h3 Rg5 41. Rxh7 Rxa5 42. Rh6 Ra3+ 43. Kd4 Kb5 44. h4 Ra4+ 45. Kc3 Rxg4 46. Rxf6 Rxh4 47. Kb3 1/2-1/2

[Event "Titled Tuesday intern op 28th Dec"]
[Site "Chess.com INT"]
[Date "2021.12.28"]
[Round "4"]
[White "Sokolin, Leonid M"]
[Black "Makhmudov, Shukhrat"]
[Result "1/2-1/2"]
[WhiteElo "2482"]
[BlackElo "2115"]
[PlyCount "141"]
[EventDate "2021.12.28"]
[EventType "swiss (blitz)"]
[EventRounds "11"]
[EventCountry "USA"]
[SourceTitle "CBM 206 Extra"]
[Source "ChessBase"]
[SourceDate "2022.03.31"]
[SourceVersion "1"]
[SourceVersionDate "2022.03.31"]
[SourceQuality "1"]

1. e4 e5 2. Nf3 Nc6 3. Nc3 Nf6 4. Bb5 Nd4 5. Nxe5 Nxb5 6. Nxb5 c6 7. Nc3 d5 8. exd5 cxd5 9. d4 Bb4 10. 0-0 Bxc3 11. bxc3 0-0 12. Bg5 Qd6 13. f3 Bf5 14. Qd2 Rac8 15. g4 Bg6 16. Bxf6 gxf6 17. Nxg6 fxg6 18. Rfe1 Qc6 19. Re3 Rfe8 20. Rae1 Kf7 21. Kf2 Rxe3 22. Qxe3 Qd6 23. Kg2 b5 24. h4 a6 25. Re2 h5 26. g5 fxg5 27. Qxg5 Re8 28. Rxe8 Kxe8 29. Qe5+ Kd7 30. Qg7+ Kc6 31. Qa7 Qa3 32. Qa8+ Kb6 33. Qxd5 Qxc3 34. Qe4 Ka5 35. d5 b4 36. d6 Qd2+ 37. Kh3 Qxd6 38. Qc4 Qe5 39. Qe4 Qd6 40. f4 Qd7+ 41. Kh2 Qg4 42. Qd5+ Ka4 43. Qb3+ Kb5 44. Qd5+ Ka4 45. Qc6+ Ka5 46. Qc5+ Ka4 47. Qc6+ Ka3 48. Qxa6+ Kb2 49. Qc4 Qxh4+ 50. Kg2 Qg4+ 51. Kf2 Qh4+ 52. Ke3 Qg3+ 53. Ke4 Qe1+ 54. Kd5 Qd2+ 55. Ke6 Qxc2 56. Qxb4+ Kxa2 57. Qa5+ Kb2 58. Qe5+ Qc3 59. Qe2+ Kb3 60. Qb5+ Qb4 61. Qd3+ Qc3 62. Qxg6 Qc6+ 63. Kf5 Qxg6+ 64. Kxg6 h4 65. f5 h3 66. f6 h2 67. f7 h1Q 68. f8Q Qg2+ 69. Kf7 Qf3+ 70. Ke8 Qxf8+ 71. Kxf8 1/2-1/2

[Event "Titled Tuesday intern op 28th Dec"]
[Site "Chess.com INT"]
[Date "2021.12.28"]
[Round "10"]
[White "Sokolin, Leonid M"]
[Black "Perez Gormaz, Matias Ariel"]
[Result "1-0"]
[WhiteElo "2482"]
[BlackElo "2404"]
[PlyCount "85"]
[EventDate "2021.12.28"]
[EventType "swiss (blitz)"]
[EventRounds "11"]
[EventCountry "USA"]
[SourceTitle "CBM 206 Extra"]
[Source "ChessBase"]
[SourceDate "2022.03.31"]
[SourceVersion "1"]
[SourceVersionDate "2022.03.31"]
[SourceQuality "1"]

1. e4 c5 2. Nf3 d6 3. Bb5+ Bd7 4. Bxd7+ Nxd7 5. 0-0 Ngf6 6. Qe2 Rb8 7. c3 e6 8. d4 cxd4 9. cxd4 d5 10. e5 Ng8 11. Bg5 Be7 12. Be3 h5 13. Nc3 a6 14. Nd2 Nh6 15. Qxh5 Rc8 16. Rac1 Nf8 17. Nb3 Ng6 18. Bxh6 Rxh6 19. Qf3 Nh4 20. Qd3 Rc4 21. g3 Nf5 22. Ne2 b5 23. Nd2 Bg5 24. f4 Be7 25. Nxc4 dxc4 26. Qe4 g6 27. b3 cxb3 28. axb3 Kf8 29. Rc6 Qa5 30. g4 Nh4 31. Ng3 Qa2 32. d5 exd5 33. Qxd5 Nf5 34. Rf2 Qb1+ 35. Nf1 Ne3 36. Rc8+ Kg7 37. Qd4 Nxg4 38. Rg2 Nxh2 39. Rxh2 Rxh2 40. Kxh2 Qxf1 41. Rc7 Bh4 42. e6+ Kh6 43. Qh8# 1-0

[Event "Titled Tuesday intern op 07th Dec"]
[Site "Chess.com INT"]
[Date "2021.12.07"]
[Round "2"]
[White "Makarian, Rudik"]
[Black "Sokolin, Leonid M"]
[Result "1-0"]
[WhiteElo "2509"]
[BlackElo "2482"]
[PlyCount "77"]
[EventDate "2021.12.07"]
[EventType "swiss (blitz)"]
[EventRounds "11"]
[EventCountry "USA"]
[SourceTitle "CBM 205 Extra"]
[Source "ChessBase"]
[SourceDate "2022.01.31"]
[SourceVersion "1"]
[SourceVersionDate "2022.01.31"]
[SourceQuality "1"]

1. d4 Nf6 2. c4 e6 3. Nf3 d5 4. Nc3 c5 5. cxd5 cxd4 6. Qa4+ Bd7 7. Qxd4 exd5 8. Bg5 Nc6 9. Qd2 Be6 10. e3 h6 11. Bh4 g5 12. Bg3 Bb4 13. Bd3 Ne4 14. Qc2 Nxg3 15. hxg3 Qf6 16. 0-0 Rc8 17. a3 Ba5 18. Rac1 0-0 19. Qe2 a6 20. Bb1 Rfd8 21. Rfd1 Ne5 22. Nxe5 Qxe5 23. Qd3 Qg7 24. Ne2 Rxc1 25. Rxc1 Qxb2 26. Rc5 Qd2 27. Qh7+ Kf8 28. Nd4 Qe1+ 29. Kh2 Qxf2 30. Nxe6+ fxe6 31. Rxa5 Qf6 32. Rc5 Qg7 33. Qxg7+ Kxg7 34. Rc7+ Kf6 35. Rxb7 Rc8 36. a4 Rc1 37. Rb6 a5 38. Rb5 Rc3 39. e4 1-0